[Event "Czech-ch U18-20 Girls 2022"]
[Site "Spindleruv Mlyn"]
[Date "2022.03.13"]
[Round "1.1"]
[White "Rosenbaumova, Lea"]
[Black "Semova, Lada"]
[Result "1-0"]
[WhiteElo "1838"]
[BlackElo "1371"]
[Annotator "NA"]
[PlyCount "41"]
[EventDate "2022.03.13"]
[EventCountry "CZE"]
[SourceTitle "playchess.com"]
[Source "ChessBase"]
[SourceQuality "1"]

1. e4 e5 2. Nf3 Nc6 3. Nc3 d6 4. Bb5 a6 5. Ba4 f5 6. d4 b5 7. Bb3 b4 8. Ne2 Na5 9. Ba4+ Bd7 10. Bxd7+ Qxd7 11. dxe5 fxe4 12. Qd5 Qc6 13. Qe6+ Ne7 14. Nfd4 Qc4 15. exd6 cxd6 16. Qxe4 Rc8 17. O-O Nac6 18. Bf4 Rd8 19. b3 Qc5 20. Ne6 Qb5 21. Nc7+ 1-0

[Event "Czech-ch U18-20 Girls 2022"]
[Site "Spindleruv Mlyn"]
[Date "2022.03.13"]
[Round "1.2"]
[White "Dudova, Pavlina"]
[Black "Dvorakova, Olga"]
[Result "0-1"]
[WhiteElo "1765"]
[BlackElo "1947"]
[Annotator "NA"]
[PlyCount "46"]
[EventDate "2022.03.13"]
[EventCountry "CZE"]
[SourceTitle "playchess.com"]
[Source "ChessBase"]
[SourceQuality "1"]

1. e4 c6 2. d4 d5 3. e5 Bf5 4. c4 e6 5. Nc3 Ne7 6. a3 dxc4 7. Bxc4 Nd7 8. Nge2 Nb6 9. Bb3 Ned5 10. O-O Be7 11. Ng3 Bg6 12. f4 Qd7 13. Qf3 f6 14. f5 Bf7 15. Bd2 O-O 16. Nce4 Kh8 17. Nc5 Qc8 18. exf6 Bxf6 19. Qf2 exf5 20. Nxf5 Bg6 21. Nd6 Qg4 22. Bf4 Nxf4 23. Qxf4 Bxd4+ 0-1

[Event "Czech-ch U18-20 Girls 2022"]
[Site "Spindleruv Mlyn"]
[Date "2022.03.13"]
[Round "1.3"]
[White "Trasakova, Adela"]
[Black "Lhotska, Anna"]
[Result "1/2-1/2"]
[WhiteElo "1904"]
[BlackElo "2033"]
[Annotator "NA"]
[PlyCount "155"]
[EventDate "2022.03.13"]
[EventCountry "CZE"]
[SourceTitle "playchess.com"]
[Source "ChessBase"]
[SourceQuality "1"]

1. d4 Nf6 2. Nf3 d5 3. g3 c5 4. Bg2 cxd4 5. O-O Nc6 6. Nxd4 e6 7. c4 Be7 8. Nc3 O-O 9. cxd5 exd5 10. a3 Re8 11. b4 a6 12. Bb2 Bg4 13. Nxc6 bxc6 14. Qc2 Bd6 15. e3 Qc7 16. Rac1 Rac8 17. Ne2 Nd7 18. Nd4 Ne5 19. Nf5 Bxf5 20. Qxf5 g6 21. Qc2 Nc4 22. Rfe1 Be5 23. Bxe5 Nxe5 24. Red1 Qb7 25. e4 dxe4 26. Bxe4 Qb6 27. Qc5 Qb7 28. Bg2 Re6 29. Bh3 f5 30. Bf1 Kg7 31. Qc3 Qb6 32. Kg2 Kf7 33. Re1 Ng4 34. Qc2 Rxe1 35. Rxe1 Qd4 36. Qc4+ Qxc4 37. Bxc4+ Kf8 38. h3 Nf6 39. Bxa6 Ra8 40. Bb7 Rxa3 41. Bxc6 Rb3 42. b5 Ne4 43. g4 Rb2 44. Bxe4 fxe4 45. Rxe4 Rxb5 46. Kg3 Rb3+ 47. Re3 Rb4 48. Kh4 h6 49. Kg3 Kf7 50. h4 Rb5 51. f4 Kf6 52. Rc3 Ra5 53. Kf3 Rb5 54. Rc6+ Kf7 55. Rc3 Kf6 56. Rd3 Ra5 57. Rd6+ Kf7 58. Ke4 Ra1 59. h5 Re1+ 60. Kf3 gxh5 61. gxh5 Kg7 62. Kg4 Ra1 63. Rg6+ Kh7 64. Re6 Ra5 65. Re5 Ra7 66. Kf5 Kg7 67. Rd5 Rf7+ 68. Ke4 Re7+ 69. Re5 Ra7 70. Rd5 Re7+ 71. Kf3 Re6 72. Kg4 Re7 73. Re5 Ra7 74. Re4 Rb7 75. f5 Rb6 76. Rc4 Kf6 77. Kf4 Ra6 78. Rb4 1/2-1/2

[Event "Czech-ch U18-20 Girls 2022"]
[Site "Spindleruv Mlyn"]
[Date "2022.03.13"]
[Round "1.4"]
[White "Petirova, Iva"]
[Black "Stastna, Martina"]
[Result "1-0"]
[WhiteElo "1685"]
[BlackElo "1847"]
[Annotator "NA"]
[PlyCount "66"]
[EventDate "2022.03.13"]
[EventCountry "CZE"]
[SourceTitle "playchess.com"]
[Source "ChessBase"]
[SourceQuality "1"]

1. e4 d6 2. d4 Nd7 3. Nf3 e5 4. dxe5 dxe5 5. Bc4 c6 6. Ng5 Nh6 7. O-O Be7 8. Nf3 O-O 9. Nbd2 b5 10. Be2 Bb7 11. a4 a6 12. Nb3 Ng4 13. c4 b4 14. Qc2 c5 15. Rd1 Qc7 16. h3 Ngf6 17. Bd3 h6 18. Nh4 Nxe4 19. Nf5 Ndf6 20. Re1 Ng5 21. f4 Ne6 22. fxe5 Ne8 23. Qf2 Bg5 24. Qg3 Kh8 25. h4 Bxc1 26. Raxc1 f6 27. Qe3 Qxe5 28. Qxe5 fxe5 29. Rxe5 Nf4 30. Bf1 Bc6 31. Ne7 Bxa4 32. Nxc5 Nf6 33. Nxa4 Rac8 1-0

[Event "Czech-ch U18-20 Girls 2022"]
[Site "Spindleruv Mlyn"]
[Date "2022.03.13"]
[Round "1.5"]
[White "Leksova, Sona"]
[Black "Kralova, Gabriela"]
[Result "0-1"]
[WhiteElo "1696"]
[BlackElo "1746"]
[Annotator "NA"]
[PlyCount "26"]
[EventDate "2022.03.13"]
[EventCountry "CZE"]
[SourceTitle "playchess.com"]
[Source "ChessBase"]
[SourceQuality "1"]

1. Nf3 d5 2. d4 Nf6 3. Bf4 c5 4. e3 Nc6 5. dxc5 e6 6. c4 Bxc5 7. cxd5 exd5 8. Ne5 Bb4+ 9. Nd2 Ne4 10. Nxc6 bxc6 11. Qa4 Bxd2+ 12. Ke2 Qb6 13. Be5 Bg4+ 0-1

[Event "Czech-ch U18-20 Girls 2022"]
[Site "Spindleruv Mlyn"]
[Date "2022.03.13"]
[Round "2.1"]
[White "Semova, Lada"]
[Black "Kralova, Gabriela"]
[Result "0-1"]
[WhiteElo "1371"]
[BlackElo "1746"]
[Annotator "NA"]
[PlyCount "92"]
[EventDate "2022.03.13"]
[EventCountry "CZE"]
[SourceTitle "playchess.com"]
[Source "ChessBase"]
[SourceQuality "1"]

1. e4 e5 2. Nf3 Nc6 3. Bc4 Nf6 4. d3 Be7 5. a3 O-O 6. Be3 d5 7. exd5 Nxd5 8. Qd2 Nxe3 9. Qxe3 Nd4 10. Nxd4 exd4 11. Qf3 Bd6 12. O-O Qh4 13. g3 Qg5 14. Re1 Rb8 15. c3 b5 16. Ba2 Bb7 17. Qd1 Qf5 18. Re4 Bxe4 19. dxe4 Qxe4 20. cxd4 b4 21. axb4 Rxb4 22. Nc3 Qxd4 23. Qxd4 Rxd4 24. Nb5 Rd2 25. Nxd6 cxd6 26. Bc4 Ra8 27. Ra6 Kf8 28. b3 Ke7 29. Bb5 Ke6 30. b4 Rc8 31. Rxa7 Rc1+ 32. Kg2 Rcc2 33. Bd7+ Kf6 34. b5 Rxf2+ 35. Kg1 Rg2+ 36. Kf1 Rxh2 37. Kg1 Rhd2 38. Ra1 Rg2+ 39. Kf1 Rcf2+ 40. Ke1 Rg1+ 41. Kxf2 Rxa1 42. Ke3 Ke7 43. Bc6 Kd8 44. b6 Rb1 45. b7 Kc7 46. Be4 Rb3+ 0-1

[Event "Czech-ch U18-20 Girls 2022"]
[Site "Spindleruv Mlyn"]
[Date "2022.03.13"]
[Round "2.2"]
[White "Stastna, Martina"]
[Black "Leksova, Sona"]
[Result "1/2-1/2"]
[WhiteElo "1847"]
[BlackElo "1696"]
[Annotator "NA"]
[PlyCount "122"]
[EventDate "2022.03.13"]
[EventCountry "CZE"]
[SourceTitle "playchess.com"]
[Source "ChessBase"]
[SourceQuality "1"]

1. e4 d5 2. exd5 Qxd5 3. Nc3 Qa5 4. d4 c6 5. Nf3 Bg4 6. h3 Bh5 7. Be2 Nf6 8. O-O Bxf3 9. Bxf3 e6 10. Ne4 Nbd7 11. Qe2 Be7 12. c3 Qc7 13. Re1 h6 14. b3 Rd8 15. Bb2 O-O 16. Rad1 Nxe4 17. Bxe4 Qa5 18. Bb1 Nf6 19. Qc2 Ba3 20. b4 Qa6 21. Bxa3 Qxa3 22. Re3 Rfe8 23. Rg3 Kf8 24. Re1 Nh5 25. Rf3 a5 26. Re5 axb4 27. Rxh5 bxc3 28. Rxc3 Qa7 29. Rf3 Rxd4 30. Qb3 Re7 31. Bg6 Kg8 32. Bxf7+ Rxf7 33. Qxe6 Rd1+ 34. Kh2 Qb8+ 35. g3 Rdd7 36. Rhf5 Rde7 37. Qb3 Qe8 38. Rxf7 Rxf7 39. Re3 Qd7 40. Kg2 Kh8 41. Qc2 Re7 42. Rd3 Qc7 43. Ra3 Qd7 44. Kh2 Qd8 45. Rf3 Qc8 46. Qc5 Qe8 47. Qc4 Qg8 48. Qb4 Qe8 49. Qb2 Qc8 50. Rb3 Qc7 51. Ra3 Qc8 52. Ra7 Qb8 53. Qb6 Rf7 54. a4 Qc7 55. Qb2 Qc8 56. a5 Rc7 57. Qb6 Rd7 58. a6 bxa6 59. Rxa6 c5 60. Ra2 c4 61. Rc2 Kh7 1/2-1/2

[Event "Czech-ch U18-20 Girls 2022"]
[Site "Spindleruv Mlyn"]
[Date "2022.03.13"]
[Round "2.3"]
[White "Lhotska, Anna"]
[Black "Petirova, Iva"]
[Result "1-0"]
[WhiteElo "2033"]
[BlackElo "1685"]
[Annotator "NA"]
[PlyCount "55"]
[EventDate "2022.03.13"]
[EventCountry "CZE"]
[SourceTitle "playchess.com"]
[Source "ChessBase"]
[SourceQuality "1"]

1. e4 c5 2. Nf3 d6 3. d4 cxd4 4. Nxd4 Nf6 5. Nc3 a6 6. Be3 e5 7. Nb3 Be6 8. f3 h5 9. Qd2 Nbd7 10. O-O-O Be7 11. Kb1 O-O 12. h3 Nb6 13. g4 Nc4 14. Bxc4 Bxc4 15. gxh5 Nxh5 16. Rhg1 b5 17. Rg2 a5 18. Rdg1 Bf6 19. f4 exf4 20. Bxf4 a4 21. Nd4 b4 22. Nd5 Bxd5 23. exd5 Qb6 24. Be3 Rfe8 25. Nf5 Qa6 26. Nxg7 Nxg7 27. Rxg7+ Bxg7 28. Qg2 1-0

[Event "Czech-ch U18-20 Girls 2022"]
[Site "Spindleruv Mlyn"]
[Date "2022.03.13"]
[Round "2.4"]
[White "Dvorakova, Olga"]
[Black "Trasakova, Adela"]
[Result "0-1"]
[WhiteElo "1947"]
[BlackElo "1904"]
[Annotator "NA"]
[PlyCount "70"]
[EventDate "2022.03.13"]
[EventCountry "CZE"]
[SourceTitle "playchess.com"]
[Source "ChessBase"]
[SourceQuality "1"]

1. d4 d5 2. c4 c6 3. Nc3 Nf6 4. Nf3 e6 5. e3 Nbd7 6. b3 Bd6 7. Bb2 O-O 8. Qc2 Re8 9. Be2 dxc4 10. bxc4 e5 11. O-O Qe7 12. Rfe1 e4 13. Nd2 Nf8 14. f3 exf3 15. Bxf3 Ng4 16. h3 Nh2 17. e4 Bf4 18. e5 Bxd2 19. Qxd2 Nxf3+ 20. gxf3 Bxh3 21. Ne4 Qh4 22. Re2 Re6 23. Rh2 Rg6+ 24. Kh1 Ne6 25. Rg1 Nf4 26. Rxg6 hxg6 27. Bc1 Rd8 28. Nf2 g5 29. Qd1 Rxd4 30. Qc2 Rxc4 31. Qxc4 Bg2+ 32. Kg1 Nh3+ 33. Kxg2 Qxc4 34. Rxh3 Qxc1 35. Ne4 c5 0-1

[Event "Czech-ch U18-20 Girls 2022"]
[Site "Spindleruv Mlyn"]
[Date "2022.03.13"]
[Round "2.5"]
[White "Rosenbaumova, Lea"]
[Black "Dudova, Pavlina"]
[Result "1-0"]
[WhiteElo "1838"]
[BlackElo "1765"]
[Annotator "NA"]
[PlyCount "113"]
[EventDate "2022.03.13"]
[EventCountry "CZE"]
[SourceTitle "playchess.com"]
[Source "ChessBase"]
[SourceQuality "1"]

1. e4 e6 2. d4 d5 3. exd5 exd5 4. Bd3 Bd6 5. Nc3 c6 6. Nge2 Nf6 7. Bg5 O-O 8. Qd2 Re8 9. O-O-O b5 10. f3 Nbd7 11. Ng3 Qc7 12. Nf5 Nb6 13. Nxg7 Kxg7 14. Bh6+ Kh8 15. Qg5 Bf4+ 16. Qxf4 Qxf4+ 17. Bxf4 Be6 18. Rhe1 Nbd7 19. Ne2 Nh5 20. Bh6 Nf8 21. g4 Ng7 22. h4 Ng6 23. h5 Ne7 24. Bg5 Bd7 25. Nf4 Ng8 26. Ng2 Ne6 27. Be3 Ne7 28. Re2 Rf8 29. Nh4 Rae8 30. Rde1 Nc8 31. c3 Nd6 32. Bh6 Rg8 33. Nf5 Nxf5 34. Bxf5 Rd8 35. Re5 Rge8 36. f4 Rg8 37. Kd2 Bc8 38. Rf1 Rge8 39. g5 Ng7 40. Bxg7+ Kxg7 41. h6+ Kg8 42. Rfe1 Rxe5 43. Rxe5 Bxf5 44. Rxf5 Rd6 45. Ke3 Kf8 46. Kf3 Re6 47. Re5 Rd6 48. Kg4 Rg6 49. f5 Rd6 50. Kf4 f6 51. Re6 Rxe6 52. fxe6 fxg5+ 53. Kxg5 Ke7 54. Kf5 Ke8 55. Kf6 Kf8 56. e7+ Ke8 57. b4 1-0

[Event "Czech-ch U18-20 Girls 2022"]
[Site "Spindleruv Mlyn"]
[Date "2022.03.14"]
[Round "3.1"]
[White "Dudova, Pavlina"]
[Black "Semova, Lada"]
[Result "1-0"]
[WhiteElo "1765"]
[BlackElo "1371"]
[Annotator "NA"]
[PlyCount "97"]
[EventDate "2022.03.13"]
[EventCountry "CZE"]
[SourceTitle "playchess.com"]
[Source "ChessBase"]
[SourceQuality "1"]

1. e4 e5 2. Nf3 Nc6 3. Bb5 Bc5 4. O-O d6 5. d3 Nge7 6. Be3 Bb6 7. Nbd2 O-O 8. Bc4 Bg4 9. Re1 Kh8 10. Qc1 Na5 11. Bb3 Nxb3 12. axb3 f5 13. Bxb6 axb6 14. Rxa8 Qxa8 15. Qa1 fxe4 16. dxe4 Nc6 17. c3 b5 18. h3 Bd7 19. Nf1 g6 20. Ne3 Qc8 21. Nh2 Ne7 22. Qc1 Be6 23. c4 Rf4 24. Nd5 Nxd5 25. cxd5 Bd7 26. Qc2 g5 27. f3 h5 28. Qf2 Qf8 29. Qg3 Qg7 30. Ra1 Rf8 31. Ra7 Rb8 32. Qf2 Qf6 33. Qg3 Qg6 34. Ra1 Bc8 35. Rc1 Qg7 36. Qf2 b6 37. Ra1 Qd7 38. Ra7 Rb7 39. Ra8 c6 40. Qe3 cxd5 41. Qxg5 d4 42. Qxh5+ Kg7 43. Qg5+ Kf7 44. Ng4 Rc7 45. Nh6+ Ke6 46. Qf5+ Ke7 47. Qf7+ Kd8 48. Qf8+ Qe8 49. Nf7+ 1-0

[Event "Czech-ch U18-20 Girls 2022"]
[Site "Spindleruv Mlyn"]
[Date "2022.03.14"]
[Round "3.2"]
[White "Trasakova, Adela"]
[Black "Rosenbaumova, Lea"]
[Result "1-0"]
[WhiteElo "1904"]
[BlackElo "1838"]
[Annotator "NA"]
[PlyCount "89"]
[EventDate "2022.03.13"]
[EventCountry "CZE"]
[SourceTitle "playchess.com"]
[Source "ChessBase"]
[SourceQuality "1"]

1. d4 d5 2. Nf3 Nf6 3. g3 e6 4. Bg2 Bd6 5. O-O O-O 6. c4 b6 {6...h6 is a critical line.} 7. cxd5 exd5 8. Nc3 Nbd7 (8... Bb7 $11 {keeps the balance.}) 9. Nb5 Be7 10. Bf4 c6 {[#]} 11. Bc7 $1 Qe8 12. Nd6 Bxd6 13. Bxd6 Ba6 14. Re1 {[#]} Qe6 $146 ({Predecessor:} 14... Ne4 15. Bxf8 Qxf8 16. Nd2 f5 17. Qc2 Qd6 18. Rac1 c5 19. Nxe4 fxe4 20. dxc5 bxc5 {1-0 (43) Gumularz,S (1933)-Kesgin,H (1787) Budva 2013}) 15. Bxf8 Nxf8 16. Rc1 Ng6 17. Qc2 Ne7 18. Nd2 Qd7 19. Rcd1 Rc8 20. e4 dxe4 21. Nxe4 Nfd5 22. Ng5 g6 23. Bh3 f5 24. Ne6 Re8 25. Re5 Nb4 26. Qb3 Ned5 27. Nf4 Kg7 28. Nxd5 Nxd5 29. Bg2 Bb7 30. Rde1 Nf6 31. Qa3 Kf7 32. Rxe8 Nxe8 $18 33. Qxa7 Nd6 34. Qxb6 Nb5 35. Rd1 Kg7 36. a4 Nd6 37. d5 cxd5 38. Bxd5 Qxa4 39. Qd4+ Qxd4 40. Rxd4 Bc8 41. Bc6 Nf7 42. b4 Ne5 43. b5 Kf6 44. f4 Nf7 45. b6 1-0

[Event "Czech-ch U18-20 Girls 2022"]
[Site "Spindleruv Mlyn"]
[Date "2022.03.14"]
[Round "3.3"]
[White "Petirova, Iva"]
[Black "Dvorakova, Olga"]
[Result "0-1"]
[WhiteElo "1685"]
[BlackElo "1947"]
[Annotator "ChessBase"]
[PlyCount "100"]
[EventDate "2022.03.13"]
[EventCountry "CZE"]
[SourceTitle "playchess.com"]
[Source "ChessBase"]
[SourceQuality "1"]

1. e4 c5 2. c3 Nf6 3. e5 Nd5 4. Nf3 Nc6 5. Bc4 Nb6 6. Bb3 d6 7. exd6 Qxd6 8. O-O Bf5 9. Na3 Bd3 10. Re1 e6 11. Bc2 Be7 12. Bxd3 Qxd3 13. Qe2 O-O-O 14. b3 Bf6 15. Rb1 g5 16. Qxd3 Rxd3 17. Re3 Rd5 18. Nc2 g4 19. Nfe1 Rhd8 20. Re4 h5 21. f3 Bg5 22. Ne3 R5d6 23. f4 Bf6 24. Nc4 Nxc4 25. Rxc4 Rd5 26. b4 e5 27. f5 Be7 28. a4 a6 29. Nc2 b5 30. axb5 axb5 31. Re4 c4 32. Ra1 Kb7 33. Ne3 Rd3 34. Kf2 Bg5 35. Ra2 f6 36. Ra1 Kb6 37. Ra2 Ne7 38. Ke2 Nc8 39. Nd1 Nd6 40. Nf2 Rd5 41. Ke1 Nxf5 42. g3 Nd6 43. Re2 f5 44. h3 Bf6 45. hxg4 hxg4 46. Nd1 Rh8 47. Ne3 Rd3 48. Kf2 Rh2+ 49. Ke1 Rh1+ 50. Nf1 Ne4 0-1

[Event "Czech-ch U18-20 Girls 2022"]
[Site "Spindleruv Mlyn"]
[Date "2022.03.14"]
[Round "3.4"]
[White "Leksova, Sona"]
[Black "Lhotska, Anna"]
[Result "0-1"]
[WhiteElo "1696"]
[BlackElo "2033"]
[Annotator "ChessBase"]
[PlyCount "62"]
[EventDate "2022.03.13"]
[EventCountry "CZE"]
[SourceTitle "playchess.com"]
[Source "ChessBase"]
[SourceQuality "1"]

1. e4 c5 2. Nf3 d6 3. c3 Nf6 4. Qc2 g6 5. d4 Bg7 6. Be3 Qc7 7. Nbd2 Ng4 8. h3 Nxe3 9. fxe3 O-O 10. Bc4 a6 11. a4 Nc6 12. Nb3 Rb8 13. a5 cxd4 14. exd4 Ne5 15. Be2 Nxf3+ 16. gxf3 b6 17. d5 bxa5 18. Nxa5 Rxb2 19. Qc1 Bxc3+ 20. Kf1 Rxe2 21. Kxe2 Bxa5 22. Qxc7 Bxc7 23. Rhc1 Bb6 24. Rc6 Bc5 25. Rc7 e6 26. dxe6 Bxe6 27. e5 Bd4 28. Rxa6 Bxe5 29. Ra4 Bxh3 30. f4 Bg7 31. Kf3 d5 0-1

[Event "Czech-ch U18-20 Girls 2022"]
[Site "Spindleruv Mlyn"]
[Date "2022.03.14"]
[Round "3.5"]
[White "Kralova, Gabriela"]
[Black "Stastna, Martina"]
[Result "0-1"]
[WhiteElo "1746"]
[BlackElo "1847"]
[Annotator "NA"]
[PlyCount "56"]
[EventDate "2022.03.13"]
[EventCountry "CZE"]
[SourceTitle "playchess.com"]
[Source "ChessBase"]
[SourceQuality "1"]

1. d4 d5 2. c4 c6 3. Nc3 e6 4. Nf3 f5 5. Bf4 Nf6 6. e3 Be7 7. Ne5 ({White should play} 7. h3 $16) 7... O-O 8. h4 Nbd7 9. Qc2 Ne4 10. h5 Nxe5 11. Bxe5 Bg5 12. Rh3 (12. O-O-O $14 {feels stronger.}) 12... Qa5 13. Bd3 $14 Bd7 14. Ke2 c5 15. f3 Nxc3+ 16. bxc3 b5 17. f4 Bf6 18. Bd6 Rfd8 19. Qb2 dxc4 20. Bc2 cxd4 21. exd4 Qa6 22. Bc5 Bc6 23. Rg1 Qb7 24. g4 fxg4 25. Rxg4 Be4 26. h6 Bf5 27. Bxf5 exf5 28. Kf2 fxg4 0-1

[Event "Czech-ch U18-20 Girls 2022"]
[Site "Spindleruv Mlyn"]
[Date "2022.03.14"]
[Round "4.1"]
[White "Semova, Lada"]
[Black "Stastna, Martina"]
[Result "0-1"]
[WhiteElo "1371"]
[BlackElo "1847"]
[Annotator "NA"]
[PlyCount "92"]
[EventDate "2022.03.13"]
[EventCountry "CZE"]
[SourceTitle "playchess.com"]
[Source "ChessBase"]
[SourceQuality "1"]

1. e4 e5 2. Bc4 Nf6 3. d3 Bc5 4. Nc3 d6 5. Be3 Bb6 (5... Bxe3 $15 6. fxe3 c6) 6. Qd2 Nc6 7. Nge2 Be6 8. Bb3 Qd7 9. f4 Bxb3 10. axb3 O-O 11. f5 (11. h3 $11) 11... d5 12. Bg5 dxe4 13. dxe4 Qxd2+ 14. Bxd2 (14. Kxd2 $11 {keeps the balance.} Ne8 15. Nd5) 14... h6 15. O-O-O Rad8 16. h3 a6 17. g4 (17. Rhe1 $15 {is superior.}) 17... Nd4 18. Ng1 Rd7 19. g5 hxg5 20. Bxg5 Nh5 21. Nge2 f6 22. Bd2 Rfd8 23. Nxd4 Bxd4 24. Rh2 Kf7 25. Re1 g6 26. fxg6+ Kxg6 27. Be3 Bxe3+ 28. Rxe3 Nf4 29. Rh1 Rh7 30. Ne2 Ne6 31. Ng3 Rdh8 32. Nf5 Ng5 33. h4 Nxe4 34. Rxe4 Kxf5 35. Rb4 b6 36. Ra4 a5 37. Rc4 e4 38. Rf1+ Ke5 39. Rc6 f5 40. c3 Rd7 41. Rh1 f4 42. Rc4 f3 43. h5 e3 44. Rhh4 $19 e2 45. Rce4+ Kf6 46. Rh1 Rhd8 0-1

[Event "Czech-ch U18-20 Girls 2022"]
[Site "Spindleruv Mlyn"]
[Date "2022.03.14"]
[Round "4.2"]
[White "Lhotska, Anna"]
[Black "Kralova, Gabriela"]
[Result "1-0"]
[WhiteElo "2033"]
[BlackElo "1746"]
[Annotator "ChessBase"]
[PlyCount "93"]
[EventDate "2022.03.13"]
[EventCountry "CZE"]
[SourceTitle "playchess.com"]
[Source "ChessBase"]
[SourceQuality "1"]

1. e4 e5 2. Nf3 Nc6 3. Bb5 a6 4. Ba4 Nf6 5. O-O b5 6. Bb3 Be7 7. Qe2 O-O 8. c3 d6 9. Rd1 Na5 10. Bc2 c5 11. d4 Qc7 12. d5 Nc4 13. b3 Nb6 14. a4 Bd7 15. a5 Nc8 16. Nbd2 h6 17. Nf1 Nh7 18. Ng3 Qd8 19. h3 Bh4 20. Nxh4 Qxh4 21. Nf5 Qf6 22. c4 b4 23. f4 Ne7 24. fxe5 Qxe5 25. Nxe7+ Qxe7 26. Bf4 Qf6 27. Rf1 Rfe8 28. Rae1 Nf8 29. Qd3 Ng6 30. Bxh6 Qh4 31. Bd2 Ne5 32. Qe3 f6 33. Rf4 Qh6 34. Qf2 Qh5 35. Rh4 Qg6 36. Re3 Qf7 37. Rf4 Ng6 38. Rff3 Re5 39. Rg3 Rae8 40. Re1 Kf8 41. Bc1 Rh5 42. Rf1 Ne5 43. Be3 Ke7 44. Bxc5 Reh8 45. Bxb4 Bxh3 46. Qb6 Bd7 47. Bxd6+ 1-0

[Event "Czech-ch U18-20 Girls 2022"]
[Site "Spindleruv Mlyn"]
[Date "2022.03.14"]
[Round "4.3"]
[White "Dvorakova, Olga"]
[Black "Leksova, Sona"]
[Result "1/2-1/2"]
[WhiteElo "1947"]
[BlackElo "1696"]
[Annotator "ChessBase"]
[PlyCount "61"]
[EventDate "2022.03.13"]
[EventCountry "CZE"]
[SourceTitle "playchess.com"]
[Source "ChessBase"]
[SourceQuality "1"]

1. d4 d5 2. Nf3 Nf6 3. Bg5 Bf5 4. Bxf6 exf6 5. c4 Bxb1 6. Rxb1 Bb4+ 7. Nd2 dxc4 8. Qa4+ Nc6 9. e3 O-O 10. Rd1 a6 11. a3 b5 12. Qc2 Ba5 13. Be2 Re8 14. b3 Qe7 15. O-O Nxd4 16. exd4 Qxe2 17. bxc4 Bxd2 18. Rxd2 Qxc4 19. Qxc4 bxc4 20. Rc2 Kf8 21. Rxc4 Rad8 22. g3 Re4 23. Rxc7 Rexd4 24. Ra7 R4d6 25. Re1 R8d7 26. Ra8+ Rd8 27. Ra7 R8d7 28. Ra8+ Rd8 29. Ra7 R8d7 30. Ra8+ Rd8 31. Ra7 1/2-1/2

[Event "Czech-ch U18-20 Girls 2022"]
[Site "Spindleruv Mlyn"]
[Date "2022.03.14"]
[Round "4.4"]
[White "Rosenbaumova, Lea"]
[Black "Petirova, Iva"]
[Result "1-0"]
[WhiteElo "1838"]
[BlackElo "1685"]
[Annotator "NA"]
[PlyCount "57"]
[EventDate "2022.03.13"]
[EventCountry "CZE"]
[SourceTitle "playchess.com"]
[Source "ChessBase"]
[SourceQuality "1"]

1. e4 c5 2. c3 d5 3. exd5 Qxd5 4. d4 Nc6 5. Nf3 e5 6. Be3 ({Better is} 6. dxe5 $14 Qxd1+ 7. Kxd1) 6... Bg4 (6... exd4 $11 7. cxd4 cxd4) 7. Be2 e4 8. Nfd2 Bxe2 9. Qxe2 Nf6 10. dxc5 O-O-O 11. O-O Qd3 12. Re1 Be7 13. Na3 Rd5 14. Nb3 (14. Qxd3 $142 Rxd3 15. Nac4) 14... Rhd8 15. h3 a5 16. Nc4 $16 Qxe2 17. Rxe2 Rd1+ 18. Re1 Rxa1 19. Rxa1 Nd5 20. Rd1 a4 21. Rxd5 axb3 22. Rxd8+ Nxd8 23. axb3 Ne6 24. b4 f5 25. Nb6+ Kd8 26. Nd5 Bf8 27. g3 Kd7 28. Kg2 Kc6 29. c4 1-0

[Event "Czech-ch U18-20 Girls 2022"]
[Site "Spindleruv Mlyn"]
[Date "2022.03.14"]
[Round "4.5"]
[White "Dudova, Pavlina"]
[Black "Trasakova, Adela"]
[Result "1/2-1/2"]
[WhiteElo "1765"]
[BlackElo "1904"]
[Annotator "ChessBase"]
[PlyCount "62"]
[EventDate "2022.03.13"]
[EventCountry "CZE"]
[SourceTitle "playchess.com"]
[Source "ChessBase"]
[SourceQuality "1"]

1. e4 c6 2. d4 d5 3. e5 c5 4. c3 Nc6 5. Be3 Qb6 6. Qd2 cxd4 7. cxd4 Bf5 8. a3 e6 9. Nc3 a6 10. b4 Nge7 11. Nf3 Bg6 12. Be2 Nf5 13. O-O f6 14. exf6 gxf6 15. Bd3 Bd6 16. Rfe1 Kf7 17. Ne2 Rag8 18. Ng3 Nxg3 19. fxg3 h5 20. Rf1 Bxd3 21. Qxd3 f5 22. Rae1 Be7 23. Bf2 Bf6 24. Rb1 Rg7 25. b5 axb5 26. Rxb5 Qc7 27. Rfb1 Rb8 28. Qb3 Kg6 29. a4 Na5 30. Qb4 Nc4 31. Nd2 Nxd2 1/2-1/2

[Event "Czech-ch U18-20 Girls 2022"]
[Site "Spindleruv Mlyn"]
[Date "2022.03.16"]
[Round "6.1"]
[White "Semova, Lada"]
[Black "Lhotska, Anna"]
[Result "1/2-1/2"]
[WhiteElo "1371"]
[BlackElo "2033"]
[Annotator "ChessBase"]
[PlyCount "134"]
[EventDate "2022.03.13"]
[EventCountry "CZE"]
[SourceTitle "playchess.com"]
[Source "ChessBase"]
[SourceQuality "1"]

1. e4 c5 2. f4 e6 3. Nc3 a6 4. a4 Nc6 5. Bc4 Nge7 6. d3 d5 7. exd5 exd5 8. Ba2 g6 9. Qe2 Be6 10. Nf3 Bg7 11. O-O O-O 12. Re1 Qd7 13. Qf2 Bg4 14. Kh1 Rfe8 15. Ne5 Nxe5 16. fxe5 Nc6 17. Nxd5 Qd8 18. h4 Rxe5 19. Rxe5 Nxe5 20. Bg5 Qd6 21. Be7 Qd7 22. Bxc5 Re8 23. Re1 Bf3 24. Nf4 Bc6 25. d4 Ng4 26. Rxe8+ Qxe8 27. Qg3 h5 28. Nxg6 Qe2 29. Ne7+ Kh7 30. d5 Qd1+ 31. Bg1 Bxa4 32. Qd3+ Qxd3 33. cxd3 Bxb2 34. d4 Ba3 35. Nc8 Kg7 36. d6 Kf8 37. d5 Ke8 38. Nb6 Bb5 39. Nc8 Kd7 40. Ne7 Kxd6 41. Nf5+ Ke5 42. Ng7 Nf6 43. Bh2+ Ke4 44. d6 Ne8 45. Nxh5 Nxd6 46. Nf6+ Kf5 47. Nd5 Kg4 48. Ne3+ Kh5 49. Bxd6 Bxd6 50. Bxf7+ Kxh4 51. Nf5+ Kg5 52. Nxd6 Bc6 53. Kh2 b5 54. Bb3 a5 55. Nf7+ Kf6 56. Nd8 Be4 57. Ne6 a4 58. Ba2 b4 59. Nc5 Bc2 60. Nxa4 Bxa4 61. Bb1 Ke5 62. Kg3 Kd4 63. Kf4 Kc3 64. g4 b3 65. g5 b2 66. g6 Bb3 67. g7 Kd2 1/2-1/2

[Event "Czech-ch U18-20 Girls 2022"]
[Site "Spindleruv Mlyn"]
[Date "2022.03.16"]
[Round "6.2"]
[White "Dvorakova, Olga"]
[Black "Stastna, Martina"]
[Result "0-1"]
[WhiteElo "1947"]
[BlackElo "1847"]
[Annotator "NA"]
[PlyCount "92"]
[EventDate "2022.03.13"]
[EventCountry "CZE"]
[SourceTitle "playchess.com"]
[Source "ChessBase"]
[SourceQuality "1"]

1. Nf3 Nf6 2. c4 d5 3. e3 c6 4. Nc3 g6 5. b3 Bg7 6. Bb2 O-O 7. Be2 Nbd7 8. Qc2 a6 9. d4 Qa5 10. O-O b5 11. Ne5 Bb7 12. f4 Nxe5 13. fxe5 Ne8 14. e4 dxc4 15. bxc4 Rd8 16. Rad1 Qc7 (16... Nc7 $11) 17. c5 Bc8 18. Nb1 f5 19. Qb3+ Kh8 20. e6 fxe4 21. d5 Nf6 22. d6 exd6 23. cxd6 Rxd6 24. Kh1 Bxe6 25. Qe3 Rxd1 26. Bxd1 Bc4 27. Be2 Bxe2 28. Qxe2 Kg8 29. Nd2 c5 30. h3 c4 31. Nxe4 Nxe4 32. Rxf8+ Bxf8 33. Qxe4 c3 34. Qe6+ $2 (34. Qd5+ Kh8 35. Bc1) 34... Kh8 35. Bc1 Qd6 36. Qe3 b4 37. a3 a5 38. h4 Qf6 39. Qe1 c2 40. Bg5 Qd6 41. Qe8 bxa3 42. Qf7 Bg7 43. Qe8+ Qf8 44. Qa4 Qf1+ 45. Kh2 Be5+ 46. g3 Qf2+ 0-1